000 00329nam a2200121Ia 4500
008 231129s9999||||xx |||||||||||||| ||spa||
020 _a84-206-5109-5 (v.1)
040 _bspa
082 _aR 803 D545Li
245 0 _aDiccionario de literatura Penguin-Alianza
264 _aAlianza
942 _2ddc
_cBKS
999 _c9359
_d9359